W. B. Yeats
Guardat en:
| Autor principal: | |
|---|---|
| Format: | Llibre |
| Idioma: | anglès |
| Publicat: |
Londres
Longmans, Green
1954
|
| Col·lecció: | Bibliographical Series of Supplements to British Book News, 50
|
| Matèries: | |
| Etiquetes: |
Afegir etiqueta
Sense etiquetes, Sigues el primer a etiquetar aquest registre!
|
MARC
| LEADER | 00000nam a2200000 a 4500 | ||
|---|---|---|---|
| 001 | UCZ4916 | ||
| 003 | CL-VaPUC | ||
| 008 | 951115e19540000UK |||||||||||||||||eng|d | ||
| 082 | 0 | 4 | |a 821.09 |b FRA |2 21 |
| 100 | 0 | |a Fraser, G. S |e author |9 348879 | |
| 245 | 1 | 0 | |a W. B. Yeats |
| 300 | |a 40 p | ||
| 942 | |c BK | ||
| 945 | |d 19951115 00:00:00 |a rleighto | ||
| 260 | |a Londres |b Longmans, Green |c 1954 | ||
| 600 | 0 | 7 | |a YEATS, W. B |2 CL-VaPUC |9 348880 |
| 650 | 0 | |a Poesía inglesa |9 264944 | |
| 650 | 0 | |a Crítica e interpretación |9 255042 | |
| 583 | |a last modification |c 19951115 00:00:00 |k Rodrigo Vera | ||
| 490 | 0 | |a Bibliographical Series of Supplements to British Book News, 50 | |
| 999 | |c 241259 |d 241257 | ||
| 952 | |0 0 |1 0 |4 0 |6 821_090000000000000_FRA_1954 |7 0 |8 A |9 253546 |a BIBEDU |b BIBEDU |d 2019-11-19 |i 3148998 |o 821.09 FRA 1954 |p 3148998 |r 2019-11-19 |w 2019-11-19 |y BK |k LIT | ||